000 00429nam a2200133Ia 4500
008 220217s9999||||xx |||||||||||||| ||und||
020 _a81-265-0337-8
082 _a005.13 HAR
100 _aHarkey dan, Shan,Appajodu and Larkin,Mike
_93614
245 0 _aWireless java programming for enterprise applications
260 _aWiley dreamtech India (p) Ltd.
_bNew Delhi
_c2002
300 _b399
650 _aPROGRAMMING LANGUAGE
999 _c172277
_d172277